000 00557nam a22001937a 4500
008 140624b xxu||||| |||| 00| 0 eng d
020 _a9-7801-9956-5542
082 _222 ed.
_a344.4201
_bSMI
100 _aSmith, Ian
245 _aSmith & wood's Employment law /
_c Ian Smith and Aaron Baker
250 _a10 ed.
260 _aUSA :
_bOxford Univ. Press
_c2010
300 _axcvi, 744 P. ;
_c24 Cm.
500 _aIncludes Index
650 _aEmployment law
650 _asmith & wood's Employment law
700 _aBaker, Aaron
942 _2ddc
_cBK
999 _c5863
_d5863